000 00416nam a2200157 4500
001 138263
003 ES-MaACL
007 t|
008 070214s1981 sp r ||||1| spa d
100 1 _aSánchez Vaquero, Adolfo.
_9102969
245 1 0 _aEtica /
_cAdolfo Sánchez Vaquero.
250 _a3ª ed.
260 _aBarcelona :
_bCrítica,
_c1981.
300 _a285 p. ;
_c20 cm.
852 _aES-MaACL
_jL-4577
_bR.105227
999 _c138263
_d138263